000 00263nam a22001217a 4500
008 170315b xxu||||| |||| 00| 0 eng d
041 _aeng
080 _a611
100 _a7
101 _aSHM
245 _aATALAS OF HUMAN HISTOLOGY
_cDI FIORE.M
942 _2udc
_cBK
999 _c7929
_d7929